[Event "ch-RUS Blitz Women 2017"]
[Site "Sochi RUS"]
[Date "2017.10.02"]
[Round "2.7"]
[White "Shafigullina, Zarina"]
[Black "Nechaeva, Marina"]
[Result "0-1"]
[WhiteTitle "WFM"]
[BlackTitle "IM"]
[WhiteElo "2117"]
[BlackElo "2431"]
[WhiteFideId "24174220"]
[BlackFideId "4149351"]
[EventDate "2017.10.02"]
[EventType "blitz"]

1. d4 d5 2. Nf3 Nf6 3. g3 Bf5 4. Bg2 e6 5. O-O Be7 6. c4 c6 7. Nc3 h6 8. Nd2
Nbd7 9. Re1 O-O 10. e4 dxe4 11. Ndxe4 Nxe4 12. Nxe4 Nf6 13. Nc3 a6 14. Be3 Qc7
15. Qe2 Rfe8 16. Rad1 Rad8 17. h3 Bg6 18. Qf1 Bb4 19. Bf4 Bd6 20. Bxd6 Rxd6 21.
Ne4 Bxe4 22. Bxe4 Red8 23. d5 exd5 24. cxd5 cxd5 25. Bg2 d4 26. Qd3 b5 27. Rc1
Qa5 28. a3 h5 29. Re7 R6d7 30. Re5 g6 31. Rc6 Kg7 32. b4 Qa4 33. Qf3 Rd6 34. Rc7
R6d7 35. Rc6 Ng8 36. Re1 d3 37. Rd1 Qxa3 38. Rd2 Qa1+ 39. Kh2 Qe5 40. Rc1 Nf6
41. Rcd1 Qc3 42. Bf1 Qxb4 43. Rxd3 Rxd3 44. Rxd3 Rxd3 45. Qxd3 Qb2 46. Kg2 Qb4
47. Kh2 Qc5 48. Qf3 a5 49. g4 hxg4 50. hxg4 b4 51. Qf4 Qc3 52. g5 Nh5 53. Qh4
Qe5+ 54. Kg2 Nf4+ 55. Kf3 Nh5 56. Kg2 Qf4 57. Qxf4 Nxf4+ 58. Kf3 Ne6 59. Kg4 a4
60. Bd3 a3 61. Bc4 Nc5 62. f4 b3 63. Bxb3 Nxb3 64. f5 gxf5+ 65. Kxf5 a2 0-1

[Event "ch-RUS Blitz Women 2017"]
[Site "Sochi RUS"]
[Date "2017.10.02"]
[Round "2.8"]
[White "Ambartsumova, Karina"]
[Black "Potapova, Margarita"]
[Result "1/2-1/2"]
[WhiteTitle "WGM"]
[BlackTitle "WFM"]
[WhiteElo "2359"]
[BlackElo "2163"]
[WhiteFideId "4166299"]
[BlackFideId "14126869"]
[EventDate "2017.10.02"]
[EventType "blitz"]

1. d4 Nf6 2. Nf3 e6 3. Bf4 d5 4. e3 c5 5. Nbd2 Qb6 6. Rb1 Nc6 7. c3 c4 8. Be2
Qa5 9. a3 Be7 10. h3 O-O 11. O-O b5 12. Qc2 Bb7 13. Rfe1 Rad8 14. Ne5 Nxe5 15.
Bxe5 Nd7 16. Bh2 f5 17. Nf3 Qb6 18. b3 Qc6 19. a4 a6 20. axb5 axb5 21. Qb2 Bd6
22. Bxd6 Qxd6 23. bxc4 dxc4 24. Qxb5 Bd5 25. Qb4 Qc7 26. Qb2 Be4 27. Ra1 Rb8 28.
Qd2 Nf6 29. Ra3 Nd5 30. Rea1 Rb7 31. Ne1 f4 32. Bf3 fxe3 33. fxe3 Bxf3 34. Nxf3
Qg3 35. Qf2 Qxf2+ 36. Kxf2 Rb2+ 37. Kg3 Nxe3 38. R1a2 Rb1 39. Ra8 Rc1 40. Rxf8+
Kxf8 41. Ra8+ Ke7 42. Ra3 Nd5 43. Ne5 Nxc3 44. Nxc4 Ne2+ 45. Kf2 Nxd4 46. Ne3
Nf5 47. Ra7+ Kf6 48. Ng4+ Kg6 49. Ne5+ Kf6 50. Ng4+ Kg6 51. Ne5+ Kf6 52. Ng4+
Kg6 53. Ne5+ Kf6 54. Ng4+ Kg6 55. Ne5+ Kf6 1/2-1/2

[Event "ch-RUS Blitz Women 2017"]
[Site "Sochi RUS"]
[Date "2017.10.02"]
[Round "2.9"]
[White "Protopopova, Anastasiya"]
[Black "Girya, Olga"]
[Result "0-1"]
[WhiteTitle "WFM"]
[BlackTitle "WGM"]
[WhiteElo "2219"]
[BlackElo "2505"]
[WhiteFideId "24172073"]
[BlackFideId "4195752"]
[EventDate "2017.10.02"]
[EventType "blitz"]

1. d4 d5 2. Nf3 Nf6 3. c4 c6 4. e3 Bg4 5. Nc3 e6 6. h3 Bh5 7. Qb3 Qb6 8. Ne5
Nbd7 9. Nd3 Bg6 10. Qd1 h6 11. Nf4 Bh7 12. g4 Be7 13. cxd5 exd5 14. Bg2 O-O 15.
h4 Ne4 16. Nxe4 Bxe4 17. Bxe4 dxe4 18. Kf1 Rfd8 19. b3 Ne5 20. Qc2 Qb5+ 21. Kg2
Nxg4 22. Qxe4 Bd6 23. Qf3 Nf6 24. Bb2 Bxf4 25. Qxf4 Qd5+ 26. Qf3 Ne4 27. Kh2 Rd6
28. Rag1 Rf6 29. Qg4 Rxf2+ 30. Kh3 Rf3+ 31. Kh2 Qd6+ 32. Kg2 Rf2+ 33. Kh3 g6 34.
Qxe4 Rxb2 35. Rg2 Rxg2 36. Kxg2 h5 37. Rf1 Kg7 38. Qf3 Qe7 39. e4 Rd8 40. Qf2
Qxh4 41. Qe3 Qg5+ 0-1

[Event "ch-RUS Blitz Women 2017"]
[Site "Sochi RUS"]
[Date "2017.10.02"]
[Round "2.10"]
[White "Voit, Daria"]
[Black "Getman, Tatyana"]
[Result "0-1"]
[WhiteTitle "FM"]
[WhiteElo "2387"]
[BlackElo "2082"]
[WhiteFideId "4182146"]
[BlackFideId "34166146"]
[EventDate "2017.10.02"]
[EventType "blitz"]

1. d4 d5 2. c4 e6 3. Nf3 Nf6 4. g3 c6 5. Qc2 Be7 6. Bg2 O-O 7. O-O Nbd7 8. Rd1
b6 9. Bf4 Ba6 10. b3 Qc8 11. Ne5 Nxe5 12. dxe5 Nd7 13. cxd5 cxd5 14. Qb2 f6 15.
e4 fxe5 16. Bd2 d4 17. Na3 Qd8 18. Rac1 Rc8 19. Bh3 Rf6 20. Rxc8 Bxc8 21. Qc2
Bxa3 22. Bg5 Nc5 23. Bxf6 Qxf6 24. Bf1 Bb7 25. Bg2 d3 26. Qc4 a5 27. Qb5 Qd8 28.
f3 Bb2 29. Bf1 d2 30. Kg2 Bc3 31. Qc4 Bb4 32. Qb5 Qd7 33. Qc4 Ba6 34. Qc2 Bxf1+
35. Kxf1 Qd4 36. Kg2 Qc3 37. Qb1 Nd3 38. a3 Bxa3 39. Qa2 Bb4 40. Qa4 Kf7 41.
Qd7+ Be7 42. h4 Qc2 43. Rf1 d1=Q+ 0-1

[Event "ch-RUS Blitz Women 2017"]
[Site "Sochi RUS"]
[Date "2017.10.02"]
[Round "2.11"]
[White "Pischal, Yulia"]
[Black "Bivol, Alina"]
[Result "0-1"]
[WhiteTitle "WFM"]
[BlackTitle "WGM"]
[WhiteElo "1963"]
[BlackElo "2356"]
[WhiteFideId "14102390"]
[BlackFideId "4100123"]
[EventDate "2017.10.02"]
[EventType "blitz"]

1. d4 Nf6 2. c3 d5 3. Nf3 c5 4. e3 Nc6 5. Bd3 Bg4 6. h3 Bh5 7. Nbd2 e6 8. Qc2
Bd6 9. b3 Bg6 10. Bb2 Bxd3 11. Qxd3 O-O 12. O-O Rc8 13. Rfc1 b6 14. Qb5 Re8 15.
c4 Nb4 16. cxd5 exd5 17. Qf1 Nc6 18. Qd1 Qe7 19. Nf1 Red8 20. Ng3 Bxg3 21. fxg3
Qxe3+ 22. Kh2 Ne4 23. Qe1 Qxe1 24. Rxe1 f6 25. Re2 Kf7 26. Rae1 Nb4 27. Ba1 c4
28. bxc4 Rxc4 29. Nd2 Nxd2 30. Rxd2 Re8 31. Rf1 Re3 32. Rf3 Re4 33. Bb2 Nc2 34.
Rfd3 Nb4 35. Rb3 Nxa2 36. Ra3 Nb4 37. Rxa7+ Kg6 38. Rb7 Rc6 39. Ba3 Nc2 40. Bf8
Nxd4 41. Rxg7+ Kf5 42. Rf2+ Ke5 43. Re7+ Re6 44. Rb7 b5 45. Bg7 Nf5 46. Bf8 b4
47. Bxb4 Rc4 48. Bd2 d4 49. Bf4+ Kd5 50. Rb5+ Rc5 51. Rb7 d3 52. Rxh7 Rc2 53.
Rf1 d2 54. Rd7+ Ke4 55. Rxd2 Rxd2 56. Bxd2 Rd6 57. Bf4 Rd3 58. Re1+ Kd5 59. h4
Rb3 60. h5 Rb2 61. Kh3 Rb7 62. g4 Nd4 63. Rd1 Ke4 64. g3 Nf3 65. h6 Rb2 66. g5
Rh2+ 67. Kg4 f5# 0-1

[Event "ch-RUS Blitz Women 2017"]
[Site "Sochi RUS"]
[Date "2017.10.02"]
[Round "2.12"]
[White "Kovanova, Baira"]
[Black "Faizutdinova, Diana"]
[Result "1-0"]
[WhiteTitle "WGM"]
[WhiteElo "2371"]
[BlackElo "2046"]
[WhiteFideId "4164083"]
[BlackFideId "24143731"]
[EventDate "2017.10.02"]
[EventType "blitz"]

1. Nf3 Nf6 2. c4 d6 3. d4 g6 4. Nc3 Bf5 5. h3 Bg7 6. g4 Bd7 7. e4 Nc6 8. Bg2 e5
9. d5 Ne7 10. Be3 a6 11. a4 Rb8 12. c5 O-O 13. O-O Ne8 14. a5 f5 15. cxd6 cxd6
16. gxf5 gxf5 17. Bb6 Nc7 18. Rc1 Rc8 19. Ng5 Qe8 20. exf5 Nxf5 21. Nce4 Nb5 22.
Rxc8 Bxc8 23. Ne6 Bxe6 24. dxe6 Nbd4 25. Bxd4 Nxd4 26. Nxd6 Qxe6 27. Nxb7 Qg6
28. Qg4 Nf3+ 29. Bxf3 Rxf3 30. Kg2 Qxg4+ 31. hxg4 Rb3 32. Nc5 Rxb2 33. Nxa6 Ra2
34. Nc5 Rxa5 35. Ne4 Ra4 36. f3 Bf8 37. Rd1 Rd4 38. Rc1 Bb4 39. Rc7 Be1 40. g5
Bd2 41. Nf6+ Kf8 42. Nxh7+ Ke8 43. g6 Bh6 44. g7 Rd2+ 45. Kh3 Bxg7 46. Rxg7 Rd3
47. Kg4 Rd4+ 48. Kg3 Rd3 49. Nf6+ Kf8 50. Rb7 Ra3 51. Ne4 Ke8 52. Rb5 1-0

[Event "ch-RUS Blitz Women 2017"]
[Site "Sochi RUS"]
[Date "2017.10.02"]
[Round "2.13"]
[White "Strukova, Ksenia"]
[Black "Tomilova, Elena"]
[Result "0-1"]
[BlackTitle "WIM"]
[WhiteElo "2052"]
[BlackElo "2307"]
[WhiteFideId "34106623"]
[BlackFideId "4162340"]
[EventDate "2017.10.02"]
[EventType "blitz"]

1. e4 e6 2. d4 d5 3. Nd2 c5 4. c3 cxd4 5. cxd4 dxe4 6. Nxe4 Bb4+ 7. Nc3 Nf6 8.
Qa4+ Nc6 9. Bb5 Bxc3+ 10. bxc3 Bd7 11. Nf3 a6 12. Bxc6 Bxc6 13. Qd1 O-O 14. O-O
h6 15. Ne5 Qd5 16. f3 Rac8 17. c4 Qa5 18. Bd2 Qb6 19. Be3 Rfd8 20. Rb1 Qa5 21.
Qb3 Nd7 22. Nxd7 Rxd7 23. Rfd1 Qf5 24. Qd3 Qh5 25. Qf1 Rcd8 26. Qf2 Qf5 27. Rb2
b5 28. Rbd2 bxc4 29. Qg3 Kh8 30. Qe5 Qg6 31. a4 Rb7 32. Qc5 0-1

[Event "ch-RUS Blitz Women 2017"]
[Site "Sochi RUS"]
[Date "2017.10.02"]
[Round "2.14"]
[White "Vasilevich, Tatjana"]
[Black "Belkova, Diana"]
[Result "1-0"]
[WhiteTitle "IM"]
[WhiteElo "2360"]
[BlackElo "1962"]
[WhiteFideId "14101610"]
[BlackFideId "34102849"]
[EventDate "2017.10.02"]
[EventType "blitz"]

1. d4 Nf6 2. c4 c5 3. d5 g6 4. Nc3 Bg7 5. e4 d6 6. f3 O-O 7. Nge2 e6 8. Ng3 exd5
9. cxd5 Na6 10. Be2 Nc7 11. O-O a6 12. a4 b6 13. Be3 Rb8 14. Rb1 Nd7 15. Qd2 b5
16. axb5 axb5 17. b4 c4 18. Bd4 Bxd4+ 19. Qxd4 Ne8 20. Ra1 Qf6 21. Qxf6 Ndxf6
22. Ra5 Bd7 23. Rfa1 h5 24. Bf1 Kg7 25. Nge2 Ng8 26. Nd4 f5 27. Ra7 Rf7 28. Be2
fxe4 29. Nxe4 Bf5 30. Ng5 Rxa7 31. Rxa7+ Kf6 32. f4 Ne7 33. Nc6 1-0

[Event "ch-RUS Blitz Women 2017"]
[Site "Sochi RUS"]
[Date "2017.10.02"]
[Round "2.15"]
[White "Chan, Naruna"]
[Black "Drozdova, Dina"]
[Result "0-1"]
[BlackTitle "WIM"]
[WhiteElo "1982"]
[BlackElo "2209"]
[WhiteFideId "24124290"]
[BlackFideId "4170695"]
[EventDate "2017.10.02"]
[EventType "blitz"]

1. e4 d6 2. d4 Nf6 3. Nc3 e5 4. dxe5 dxe5 5. Qxd8+ Kxd8 6. Bg5 Be6 7. O-O-O+ Kc8
8. f3 Nbd7 9. Bb5 c6 10. Ba4 Nc5 11. Bb3 Nxb3+ 12. axb3 Nd7 13. Nge2 f6 14. Be3
Kc7 15. Rd2 Bb4 16. Rhd1 Rhd8 17. f4 Bg4 18. h3 Be6 19. g4 h6 20. Ng3 Bf8 21.
Nf5 Bxf5 22. exf5 Bb4 23. Rd3 Bxc3 24. bxc3 a5 25. Kb2 a4 26. Ra1 axb3 27. cxb3
Rxa1 28. Kxa1 e4 29. Rd2 b6 30. Kb2 Re8 31. h4 c5 32. g5 Kc6 33. Rg2 b5 34. gxh6
gxh6 35. Rg6 Rh8 36. Kc2 h5 37. c4 bxc4 38. bxc4 Ra8 39. Rh6 Ra3 40. Kd2 Ra2+
41. Kd1 Ra3 42. Kd2 Rd3+ 43. Ke2 Rc3 44. Rxh5 Rxc4 45. Rh8 Rc2+ 46. Kd1 Rh2 47.
h5 Nb6 48. h6 Nc4 49. Bc1 e3 50. Bxe3 Nxe3+ 0-1

[Event "ch-RUS Blitz Women 2017"]
[Site "Sochi RUS"]
[Date "2017.10.02"]
[Round "2.16"]
[White "Gritsayeva, Oksana"]
[Black "Garifullina, Leya"]
[Result "0-1"]
[WhiteTitle "WFM"]
[BlackTitle "WCM"]
[WhiteElo "2373"]
[BlackElo "1936"]
[WhiteFideId "14104652"]
[BlackFideId "34127035"]
[EventDate "2017.10.02"]
[EventType "blitz"]

1. e4 e6 2. d4 d5 3. Bd3 Nf6 4. exd5 exd5 5. h3 c5 6. dxc5 Bxc5 7. Nf3 O-O 8.
O-O Nc6 9. Bg5 h6 10. Bh4 Qd6 11. Nc3 g5 12. Bg3 Qxg3 13. Kh1 Qd6 14. a3 a6 15.
Ne2 Ne4 16. Bxe4 dxe4 17. Qxd6 Bxd6 18. Nd2 f5 19. Nc4 Bc7 20. Nc3 Be6 21. Ne3
Be5 22. Rab1 Bxc3 23. bxc3 b5 24. c4 f4 25. Nd5 Bxd5 26. cxd5 Nd4 27. a4 e3 28.
c3 Nf5 29. Kh2 bxa4 30. Rb4 Rad8 31. c4 Nd4 32. fxe3 fxe3 33. Rd1 e2 34. Rc1
e1=Q 35. Rxe1 Nc2 36. Reb1 Nxb4 37. Rxb4 a3 38. Ra4 Rc8 39. h4 a2 40. hxg5 hxg5
41. Rxa2 Rxc4 42. Rxa6 Kg7 43. Ra7+ Rf7 44. Ra6 Rd4 45. Rd6 Rf5 46. Rd7+ Kf8 47.
d6 Rfd5 48. Ra7 Rxd6 49. Kg3 Rd7 50. Ra5 R4d5 51. Ra6 Kg7 52. Kg4 R7d6 53. Ra7+ 0-1

[Event "ch-RUS Blitz Women 2017"]
[Site "Sochi RUS"]
[Date "2017.10.02"]
[Round "3.1"]
[White "Bodnaruk, Anastasia"]
[Black "Maltsevskaya, Aleksandra"]
[Result "0-1"]
[WhiteTitle "IM"]
[WhiteElo "2432"]
[BlackElo "2260"]
[WhiteFideId "4181751"]
[BlackFideId "24174041"]
[EventDate "2017.10.02"]
[EventType "blitz"]

1. e4 c6 2. d4 d5 3. e5 Bf5 4. Nf3 e6 5. Be2 c5 6. O-O Nc6 7. c3 Bg6 8. a3 cxd4
9. cxd4 Nge7 10. Nc3 Nf5 11. b4 a6 12. Na4 Be7 13. Bb2 O-O 14. Rc1 Rc8 15. Nc5
Bxc5 16. Rxc5 Qb6 17. Qd2 Rc7 18. Rfc1 Rfc8 19. Qc3 Nfe7 20. a4 Qa7 21. Qb3 b6
22. R5c3 h6 23. Ba3 Be4 24. Qd1 Bxf3 25. Bxf3 Nf5 26. Rd3 Ncxd4 27. Rxc7 Nxf3+
28. Qxf3 Qxc7 29. g4 Ne7 30. Qe2 Ng6 31. Re3 Qc4 32. Qxc4 Rxc4 33. h3 Nf4 34.
Kh2 g5 35. Kg3 Kg7 36. Rb3 Rc2 37. b5 a5 38. Bd6 Ne2+ 39. Kg2 Nd4 40. Rd3 Ne2
41. Rd1 Nf4+ 42. Kg3 Rc3+ 43. f3 Rc2 44. h4 Rg2# 0-1

[Event "ch-RUS Blitz Women 2017"]
[Site "Sochi RUS"]
[Date "2017.10.02"]
[Round "3.2"]
[White "Styazhkina, Anna"]
[Black "Goryachkina, Aleksandra"]
[Result "0-1"]
[WhiteTitle "WIM"]
[BlackTitle "WGM"]
[WhiteElo "2301"]
[BlackElo "2478"]
[WhiteFideId "24119300"]
[BlackFideId "4147103"]
[EventDate "2017.10.02"]
[EventType "blitz"]

1. e4 Nf6 2. e5 Nd5 3. c4 Nb6 4. d4 d6 5. exd6 exd6 6. h3 Be7 7. Nf3 O-O 8. Be2
Be6 9. b3 Bf6 10. Bb2 d5 11. c5 N6d7 12. Nbd2 Re8 13. Nf1 Nc6 14. Ng3 g6 15. Qd2
a5 16. a3 Ne7 17. O-O c6 18. Nh2 Bg7 19. Ng4 h5 20. Ne3 Nf6 21. Bd3 Qd7 22. b4
axb4 23. axb4 h4 24. Ne2 Bh6 25. Rxa8 Rxa8 26. Bc1 Bf5 27. Nc3 Bxd3 28. Qxd3 Bg7
29. b5 Qe6 30. b6 Ne4 31. Nxe4 dxe4 32. Qd1 Rd8 33. Bb2 Nd5 34. Qa4 f5 35. Nc4
f4 36. Nd6 f3 37. Qd1 fxg2 38. Kxg2 Nf4+ 39. Kg1 Qxh3 0-1

[Event "ch-RUS Blitz Women 2017"]
[Site "Sochi RUS"]
[Date "2017.10.02"]
[Round "3.3"]
[White "Pogonina, Natalija"]
[Black "Bezgodova, Svetlana"]
[Result "1-0"]
[WhiteTitle "WGM"]
[BlackTitle "WIM"]
[WhiteElo "2466"]
[BlackElo "2060"]
[WhiteFideId "4147855"]
[BlackFideId "4110650"]
[EventDate "2017.10.02"]
[EventType "blitz"]

1. d4 Nf6 2. Nf3 c6 3. e3 d6 4. h3 Nbd7 5. c4 e5 6. Nc3 Be7 7. Be2 O-O 8. O-O
Re8 9. Qc2 Bf8 10. Rd1 a6 11. dxe5 dxe5 12. b3 Qc7 13. Bb2 a5 14. a3 Nc5 15.
Rab1 g6 16. Ng5 Bf5 17. e4 Bd7 18. b4 Ne6 19. Nxe6 Bxe6 20. c5 h5 21. Na4 axb4
22. axb4 Rad8 23. Nb6 Bg7 24. Nc4 Nd7 25. Nd6 Rf8 26. Bc4 Bxc4 27. Qxc4 Nb8 28.
Rd3 Qe7 29. Rbd1 Rd7 30. Qc2 Rc7 31. Qd2 Na6 32. Nc4 Kh7 33. Bc3 Nb8 34. Rd6 f6
35. f4 exf4 36. Qxf4 Na6 37. Kh1 f5 38. Bxg7 Qxg7 39. e5 Nxb4 40. Nb6 Re7 41.
Qxb4 Qxe5 42. Rd7 Rff7 43. Rxe7 Rxe7 44. Qc4 Qg3 45. Qf1 Qc3 46. Rd7 Qxc5 47.
Rxe7+ Qxe7 48. Nc4 b5 49. Nd2 Qe3 50. Nf3 Kh6 51. Qa1 Qe8 52. Qf6 b4 53. Ne5 c5
54. Nf7+ Kh7 55. Ng5+ Kh6 56. Ne6 Qg8 57. Nxc5 b3 58. Qc3 h4 59. Nxb3 Qd5 60.
Nd4 Qe4 61. Qd2+ Kg7 62. Nf3 Qb1+ 63. Qe1 Qb7 64. Qxh4 Qb1+ 65. Kh2 Qb8+ 66. Qg3
Qb2 67. Qe5+ Qxe5+ 68. Nxe5 Kf6 69. Nf3 g5 70. Kg3 Kg6 71. h4 gxh4+ 72. Kf4 1-0

[Event "ch-RUS Blitz Women 2017"]
[Site "Sochi RUS"]
[Date "2017.10.02"]
[Round "3.4"]
[White "Kharmunova, Nadezhda"]
[Black "Kashlinskaya, Alina"]
[Result "1-0"]
[WhiteTitle "WIM"]
[BlackTitle "IM"]
[WhiteElo "2199"]
[BlackElo "2455"]
[WhiteFideId "4195876"]
[BlackFideId "4198026"]
[EventDate "2017.10.02"]
[EventType "blitz"]

1. Nf3 Nf6 2. g3 g6 3. Bg2 Bg7 4. O-O O-O 5. c4 d6 6. Nc3 e5 7. d3 Nc6 8. h3 h6
9. Kh2 Be6 10. Rb1 a5 11. b3 Nh7 12. Nd5 f5 13. e4 g5 14. exf5 Bxf5 15. Be3 Qd7
16. Qd2 e4 17. Ne1 exd3 18. Nxd3 Rae8 19. Rbe1 Nf6 20. Nxf6+ Bxf6 21. f4 Qg7 22.
fxg5 Rxe3 23. Rxf5 Bxg5 24. Rxg5 Qxg5 25. Qxe3 Qg7 26. Bxc6 bxc6 27. Nf4 Kh8 28.
Qe7 Rf7 29. Qe8+ Kh7 30. Qe4+ Kg8 31. Qxc6 Qc3 32. Qe8+ Kg7 33. Ne6+ Kg6 34.
Qg8+ Kf6 35. Qh8+ 1-0

[Event "ch-RUS Blitz Women 2017"]
[Site "Sochi RUS"]
[Date "2017.10.02"]
[Round "3.5"]
[White "Ubiennykh, Ekaterina"]
[Black "Sukhareva, Evgeniya"]
[Result "1-0"]
[WhiteTitle "WIM"]
[WhiteElo "2308"]
[BlackElo "2207"]
[WhiteFideId "4137582"]
[BlackFideId "4167155"]
[EventDate "2017.10.02"]
[EventType "blitz"]

1. d4 Nf6 2. c4 e6 3. Nc3 d5 4. cxd5 Nxd5 5. e4 Nxc3 6. bxc3 c5 7. Nf3 cxd4 8.
cxd4 Bb4+ 9. Bd2 Bxd2+ 10. Qxd2 O-O 11. Bc4 Nd7 12. O-O b6 13. Rad1 Bb7 14. Rfe1
Rc8 15. Bb3 h6 16. Qe3 Qe7 17. h3 Rfd8 18. Rd2 Qb4 19. Red1 Qe7 20. Nh2 Nf6 21.
Bc2 Qc7 22. Ng4 Nxg4 23. hxg4 Qc3 24. Qf4 Qc7 25. Qxc7 Rxc7 26. f3 Kf8 27. Kf2
Rc3 28. Bb3 Ke7 29. Rd3 Rxd3 30. Rxd3 f6 31. Ke3 Rc8 32. Kd2 Kd6 33. Re3 b5 34.
e5+ fxe5 35. Rxe5 Bd5 36. Bxd5 exd5 37. g5 hxg5 38. Rxg5 Rg8 39. Rg6+ Kc7 40. g4
Kb7 41. f4 Kc7 42. f5 Re8 43. Rxg7+ Kb6 44. Rd7 Kc6 45. Rxa7 Re4 46. g5 Rxd4+
47. Ke3 Rg4 48. g6 Rg5 49. Kf4 Rg2 50. g7 Kd6 51. Rf7 d4 52. f6 d3 53. Rf8 d2
54. Rd8+ Kc7 55. Rxd2 1-0

[Event "ch-RUS Blitz Women 2017"]
[Site "Sochi RUS"]
[Date "2017.10.02"]
[Round "3.7"]
[White "Shaydullina, Sandugach"]
[Black "Bivol, Alina"]
[Result "0-1"]
[WhiteTitle "WGM"]
[BlackTitle "WGM"]
[WhiteElo "2185"]
[BlackElo "2356"]
[WhiteFideId "4140389"]
[BlackFideId "4100123"]
[EventDate "2017.10.02"]
[EventType "blitz"]

1. d4 Nf6 2. Nf3 g6 3. c4 Bg7 4. Nc3 d6 5. e4 O-O 6. h3 Qe8 7. Bg5 e5 8. d5 Nfd7
9. g4 a5 10. Bd3 Na6 11. Qd2 Nac5 12. Bc2 f6 13. Be3 Kh8 14. O-O-O a4 15. Kb1 b6
16. Rdg1 Ba6 17. Nb5 Bxb5 18. cxb5 Ra5 19. h4 Rg8 20. h5 g5 21. h6 Bf8 22. Rh5
Be7 23. Qe2 Nf8 24. Nd2 Rxb5 25. Nc4 Ng6 26. Qd1 Rb4 27. Bxc5 bxc5 28. a3 Rxc4
29. Qe2 Rd4 30. Rh2 Nf4 31. Qa6 Qb8 32. f3 Qb6 33. Qf1 Rb8 34. Qc1 c4 35. Ka1 c3
36. bxc3 Rc4 37. Bb1 Qb3 38. Rc2 Nd3 39. Qd2 Qxa3+ 40. Ra2 Qxc3+ 41. Qxc3 Rxc3
42. Rxa4 Nc5 43. Ra7 Kg8 44. Ba2 Kf7 45. Rxc7 Nb3+ 46. Bxb3 Rxc7 0-1

[Event "ch-RUS Blitz Women 2017"]
[Site "Sochi RUS"]
[Date "2017.10.02"]
[Round "3.8"]
[White "Kabanova, Ekaterina"]
[Black "Tomilova, Elena"]
[Result "1-0"]
[WhiteTitle "WFM"]
[BlackTitle "WIM"]
[WhiteElo "2205"]
[BlackElo "2307"]
[WhiteFideId "24112917"]
[BlackFideId "4162340"]
[EventDate "2017.10.02"]
[EventType "blitz"]

1. c4 c6 2. Nf3 d5 3. e3 Nf6 4. a3 Bf5 5. b3 e6 6. Bb2 h6 7. d3 Nbd7 8. Qc2 Be7
9. Nbd2 Bh7 10. Be2 O-O 11. O-O a5 12. Rfe1 Re8 13. Rac1 Bf8 14. h3 e5 15. cxd5
Nxd5 16. Qb1 N5f6 17. Red1 Qb8 18. e4 Bd6 19. Nc4 Bc7 20. Qa1 Bg6 21. Nh4 Bh7
22. Nf3 Bg6 23. Ne3 Nf8 24. Nh4 Bh7 25. Nhf5 Ne6 26. g3 Bxf5 27. Nxf5 Rd8 28.
Qb1 Nd4 29. Bxd4 exd4 30. Kg2 Bd6 31. b4 axb4 32. axb4 Bf8 33. Rc4 Qa7 34. Qb2
Qa2 35. Rd2 Qxb2 36. Rxb2 g6 37. Nxd4 b5 38. Nxc6 bxc4 39. Nxd8 Rxd8 40. dxc4
Nxe4 41. Bf3 Rd2 42. Rxd2 Nxd2 43. c5 Nxf3 44. Kxf3 f5 45. Ke3 Kf7 46. Kd4 Ke6
47. b5 Bg7+ 48. Kc4 Kd7 49. Kd5 Bc3 50. f4 Be1 51. g4 Bd2 52. gxf5 gxf5 53. Ke5
Be3 54. c6+ Kc7 55. Kxf5 Kb6 56. Ke4 Bc1 57. f5 Bg5 58. Kd5 Bd8 59. Kd6 Bg5 60.
Kd7 1-0

[Event "ch-RUS Blitz Women 2017"]
[Site "Sochi RUS"]
[Date "2017.10.02"]
[Round "3.9"]
[White "Travkina, Anastasia"]
[Black "Drozdova, Dina"]
[Result "1-0"]
[WhiteTitle "WFM"]
[BlackTitle "WIM"]
[WhiteElo "2221"]
[BlackElo "2209"]
[WhiteFideId "24129151"]
[BlackFideId "4170695"]
[EventDate "2017.10.02"]
[EventType "blitz"]

1. e4 d6 2. d4 Nf6 3. Nc3 e5 4. Nf3 Nbd7 5. Bc4 Be7 6. a4 O-O 7. O-O c6 8. Re1
h6 9. a5 Re8 10. h3 Qc7 11. Bf1 Nf8 12. g3 Rb8 13. Bg2 b5 14. axb6 axb6 15. b3
b5 16. Bb2 Ng6 17. Ra2 1-0

[Event "ch-RUS Blitz Women 2017"]
[Site "Sochi RUS"]
[Date "2017.10.02"]
[Round "3.10"]
[White "Kovanova, Baira"]
[Black "Charochkina, Daria"]
[Result "0-1"]
[WhiteTitle "WGM"]
[BlackTitle "IM"]
[WhiteElo "2371"]
[BlackElo "2321"]
[WhiteFideId "4164083"]
[BlackFideId "4180917"]
[EventDate "2017.10.02"]
[EventType "blitz"]

1. Nf3 d5 2. g3 Bg4 3. Bg2 Nd7 4. c4 e6 5. b3 Bd6 6. Nc3 c6 7. O-O Ngf6 8. d3
O-O 9. h3 Bxf3 10. Bxf3 Re8 11. d4 dxc4 12. bxc4 e5 13. e3 Qe7 14. Bg2 Rad8 15.
Qb3 Nf8 16. d5 e4 17. Bb2 Ng6 18. Rad1 h5 19. Ne2 h4 20. Nf4 Ne5 21. dxc6 bxc6
22. Kh1 g5 23. Ne2 Nd3 24. Qc2 Nh5 25. g4 Nf6 26. Nd4 Qe5 27. f4 exf3 28. Bxf3
Nxb2 29. Qxb2 c5 30. Qc2 cxd4 31. exd4 Qg3 32. Qg2 Qxg2+ 33. Bxg2 Ne4 34. Bxe4
Rxe4 35. Rf5 Bf4 0-1

[Event "ch-RUS Blitz Women 2017"]
[Site "Sochi RUS"]
[Date "2017.10.02"]
[Round "3.11"]
[White "Ambartsumova, Karina"]
[Black "Bykova, Anastasia"]
[Result "1/2-1/2"]
[WhiteTitle "WGM"]
[BlackTitle "WFM"]
[WhiteElo "2359"]
[BlackElo "2234"]
[WhiteFideId "4166299"]
[BlackFideId "4164970"]
[EventDate "2017.10.02"]
[EventType "blitz"]

1. d4 d5 2. Nf3 Nf6 3. Bf4 c5 4. e3 Qb6 5. Nbd2 Qxb2 6. dxc5 Qc3 7. Be5 Qxc5 8.
Nb3 Qb4+ 9. c3 Qb6 10. Rb1 e6 11. c4 dxc4 12. Bxc4 Nc6 13. O-O Nxe5 14. Nxe5 Qc7
15. Bb5+ Bd7 16. Nxd7 Nxd7 17. Rc1 Qd8 18. Na5 Rb8 19. Qd3 Bb4 20. Rfd1 O-O 21.
Nxb7 Rxb7 22. Bxd7 Qg5 23. Bc6 Rbb8 24. g3 h6 25. Rb1 a5 26. Qe4 Rfd8 27. Ba4
Rxd1+ 28. Rxd1 Rd8 29. Rc1 Qf6 30. Bc2 g6 31. Rb1 Rd2 32. Rf1 Qb2 33. Bb3 Kg7
34. Qc4 Qf6 35. Qe4 Qc3 36. h4 h5 37. Qf4 Qf6 38. Qe4 Qc3 39. Qf4 Qf6 40. Qc4
Qf5 41. Qc6 Qf6 42. Qe4 Bd6 43. Kg2 Bb4 44. Qc4 Qf5 45. Qc6 Qf6 46. Qe4 Qc3 47.
Qf4 Qf6 48. Qe4 Qc3 49. Qf4 Qf6 50. Qc7 Bd6 51. Qc4 Bb4 52. Qe4 Qc3 53. Qf4 Qf6 1/2-1/2

[Event "ch-RUS Blitz Women 2017"]
[Site "Sochi RUS"]
[Date "2017.10.02"]
[Round "3.12"]
[White "Girya, Olga"]
[Black "Garifullina, Leya"]
[Result "1-0"]
[WhiteTitle "WGM"]
[BlackTitle "WCM"]
[WhiteElo "2505"]
[BlackElo "1936"]
[WhiteFideId "4195752"]
[BlackFideId "34127035"]
[EventDate "2017.10.02"]
[EventType "blitz"]

1. d4 Nf6 2. Nf3 e6 3. c4 b6 4. g3 Ba6 5. b3 d5 6. cxd5 exd5 7. Bg2 Be7 8. O-O
O-O 9. Nc3 Nbd7 10. Ne5 Bb7 11. Bb2 c5 12. Rc1 cxd4 13. Nxd7 dxc3 14. Nxf6+ Bxf6
15. Bxc3 Bg5 16. Rc2 Rc8 17. e3 Qd6 18. Qd2 Rfd8 19. Rfc1 Be7 20. Bb2 Rxc2 21.
Rxc2 Ba6 22. h4 h6 23. Qc1 Bf6 24. Rc6 Qe7 25. Bxf6 gxf6 26. Qc3 d4 27. exd4 Kg7
28. d5 Bb5 29. Rc7 Qd6 30. Rxa7 Re8 31. Qc7 Qxc7 32. Rxc7 Rd8 33. Rb7 Bd3 34.
Rxb6 f5 35. a4 f4 36. gxf4 f5 37. a5 Ra8 38. b4 Ra7 39. d6 Be4 40. Bxe4 fxe4 41.
a6 Kf6 42. b5 Rd7 43. Rb7 Rxd6 44. a7 Rd8 45. Rb8 Rd1+ 46. Kg2 1-0